1746 1744 1694 1924 1438 1007 1190 1677 1457 1339 1494 1961 1846 1393 1966 1184 1034 1681 1119 1871 1361 1386 1923 1589 1295 1311 1788 1288 1696 1271 1009 1373 1385 1772 1657 1062 1520 1570 1511 1822 1087 1596 1406 1508 1567 1763 1236 1620 1189 1125 1033 1865 1636 1996 1594 1954 1951 1556 1435 1457 1844 1578 1355 1700 1588 1391 1013 1175 1691 1796 1988 1967 1300 1294 1587 1737 1972 1510 1511 1872 1035 1722 1518 1698 1066 1493 1244 1993 1982 1279 1038 1999 1330 1336 1718 1941 1471 1803 1558 BCNSPRNW ULIB Ver.6.0+V

เปลี่ยนเป็นภาษาไทย

Change to English
 แสดงรายละเอียดบรรณานุกรม
  กลับหน้าหลัก

Brief Record : Get Marc (ISO 2709) : E-mail record : QR code < ปิดหน้าต่าง
LEADER : 00000nam 2200000uu 4500
001    13399107761
003     ULIB
008    110202s2553||||th 000 0 tha d
020    9789741024865
060  0 BF724^bอ632น 2551
100 0  อาภรณ์ ดีนาน
245 00 แนวคิด&วิธีส่งเสริมสุขภาพวัยรุ่น =^bAdolescence Health : Concepts & Application^cอาภรณ์ ดีนาน
246 0  Adolescence Health : Concepts & Application
250    พิมพ์ครั้งที่1
260    ชลบุรี^bบ.ไฮเดนกรุ๊ป ปริ้น แอนด์ มีเดีย จำกัด,^c2553
300    138 หน้า
650  7 การส่งเสริมสุขภาพ
650  7 วัยรุ่น
650  7 สุขภาพ
700 0  อาภรณ์ ดีนาน
945    ^p139^l0^i028736
945    ^p139^l0^i028735
945    ^p139^l0^i029457
945    ^p139^l0^i029456
945    ^p139^l0^i028737
945    ^p139^l0^i029455
995    ทศพร
999 ^a ใช้งานได้ทุกระบบ
รายการนี้ยังไม่มีแท็ก
คุณยังไม่ได้ล็อกอิน คุณสามารถมีกิจกรรมร่วมกับเว็บไซต์ได้ แต่ต้องล็อกอินก่อน ::
  ล็อกอิน

รายการสื่อสารสนเทศ

ลำดับที่ ประเภท เลขเรียก/บาร์โค้ด สถานที่ สถานะ
- ไม่พบข้อมูล -

รายการใกล้เคียง
    ผู้แต่ง [อาภรณ์ ดีนาน]

    หัวเรื่อง [การส่งเสริมสุขภาพ]
    หัวเรื่อง [วัยรุ่น]
    หัวเรื่อง [สุขภาพ]

BibComment


ยังไม่เคยถูกคอมเมนท์

คอมเมนท์ทรัพยากรรายการนี้
  คอมเมนท์: แนวคิดวิธีส่งเสริ..


 Copyright 2026. Bcnsprnw @Library